• 首页
  • 本馆介绍
  • 公告通知
  • 最新文献
  • 馆藏检索
  • 电子资源
  • 读者导购
  • 参考咨询
  • 我的图书馆
  • 登录
  • 详细信息显示
  • 放入我的书架
  • 预约/预借图书
  • 作者相关作品
  • 分类相关作品
  • 丛书相关作品
  • 出版社相关作品

书目信息

  • 表格格式
  • 工作单格式
  • 卡片格式
题名:
妙意曲
    
 
作者: 李霁野 译
分册:  
出版信息: 成都   四川人民出版社  1984
页数: 377页
开本: 19cm
丛书名:
单 册:
中图分类: I12
科图分类: 2
主题词: 文学--作品集--世界
电子资源:
ISBN:
000 00708nam0 2200265 45
001 0184003937
005 20040418135710.5
010    @dCNY1.40
091    @a10118.840
100    @a19950612d1984 em y0chiy0121 ea
101 1  @achi@ceng
102    @aCN@b510000
105    @ay z 000gy
106    @ar
200 10 @a妙意曲@Amiao yi qu@e英国抒情诗二百首@f李霁野译
210    @a成都@c四川人民出版社@d1984
215    @a377页@d19cm
517 1  @a英国抒情诗二百首@Aying guo shu qing shi er bai shou
606 0  @a文学@x作品集@x世界
690    @aI12
692    @a2
701  0 @a李霁野@Ali ji ye@4译
801  0 @aCN@b上海图书馆@c20040418
801  2 @aCN@bNLC@c20040418
905    @f2@b124401-402@dI12@e111
    
    妙意曲:英国抒情诗二百首/李霁野译.-成都:四川人民出版社,1984
    377页;19cm
    
    
    ISBN :CNY1.40
    
●
相关链接 在E读中查询图书 在五车中查询图书 在当当中查询图书 在豆瓣中查询图书


正题名:妙意曲     索取号:I12/111         预约/预借

序号 登录号 条形码 馆藏地/架位号 状态 备注
1 0124401   000089246   密集书库/ [索取号:I12/111] 在馆    
2 0124402   000089237   第二借阅区/ [索取号:I12/111] 在馆    
3 0124403   202070695   第一样本阅览室/ [索取号:I12/111] 在馆    
唐山师范学院图书馆 欢迎您!
大连网信软件有限公司© 版权所有